000 00659nam a2200217Ia 4500
999 _c36901
_d36901
001 2852
003 GE_BSU
005 20221116101908.0
008 181216s2001||||gw |||||||||||||| ||ger||
020 _a3826020707 x
040 _cGE_BSU
041 _ager
080 _a001(430)+11(430) A-37
100 _aAlquié, Ferdinand
_92458
245 _aWissenschaft und Metaphysik bei Descartes.
_bVorlesung an der Sorbonne im Jahre 1955 /
_cFerdinand Alouie.
264 _aWürzburg :
_bKönigshausen und Neumann,
_c2001.
300 _a157 p.
_b23 см.
653 _aმეტაფიზიკა
653 _aფილოსოფია
942 _cBK
_2udc